LOTERÍA DE FIESTAS Y TRADICIONES (Registro nro. 68732)
[ vista simple ]
| 000 -CABECERA | |
|---|---|
| campo de control de longitud fija | 00684nam a22001697a 4500 |
| 008 - DATOS DE LONGITUD FIJA--INFORMACIÓN GENERAL | |
| campo de control de longitud fija | 260701b mx o||||r|||| 001 0 spa d |
| 040 ## - FUENTE DE LA CATALOGACIÓN | |
| Lengua de catalogación | spa |
| 245 ## - MENCIÓN DE TÍTULO | |
| Título | LOTERÍA DE FIESTAS Y TRADICIONES |
| 260 ## - PUBLICACIÓN, DISTRIBUCIÓN, ETC. | |
| Lugar de publicación, distribución, etc. | MÉXICO |
| Nombre del editor, distribuidor, etc. | GOBIERNO DEL ESTADO QUERÉTARO |
| Fecha de publicación, distribución, etc. | 2012 |
| 300 ## - DESCRIPCIÓN FÍSICA | |
| Extensión | 56 |
| Dimensiones | 18 cm x 21.5 xm |
| 336 ## - TIPO DE CONTENIDO | |
| Fuente | rdacontent |
| Término de tipo de contenido | texto |
| Código de tipo de contenido | txt |
| 337 ## - TIPO DE MEDIO | |
| Fuente | rdamedia |
| Nombre/término del tipo de medio | sin mediación |
| Código del tipo de medio | n |
| 338 ## - TIPO DE SOPORTE | |
| Fuente | rdacarrier |
| Nombre/término del tipo de soporte | volumen |
| Código del tipo de soporte | nc |
| 505 ## - NOTA DE CONTENIDO CON FORMATO | |
| Nota de contenido con formato | PRESENTA UNA VERSIÓN LÚDICA DE LAS CELEBRACIONES POPULARES DE QUERÉTARO A TRAVÉS DEL JUEGO DE LA LOTERÍA, RESALTANDO LA IDENTIDAD CULTURAL Y LAS TRADICIONES DE LA REGIÓN. |
| 650 ## - PUNTO DE ACCESO ADICIONAL DE MATERIA--TÉRMINO DE MATERIA | |
| Término de materia o nombre geográfico como elemento de entrada | CIENCIAS SOCIALES |
| Subdivisión de forma | COSTUMBRES, ETIQUETA, FOLCLOR |
| 942 ## - ELEMENTOS DE PUNTO DE ACCESO ADICIONAL (KOHA) | |
| Fuente del sistema de clasificación o colocación | Dewey Decimal Classification |
| Tipo de ítem Koha | Colección Querétaro |
| Estado de retiro | Estado de pérdida | Fuente del sistema de clasificación o colocación | Estado dañado | No para préstamo | Código de colección | Localización permanente | Ubicación/localización actual | Fecha de adquisición | Fuente de adquisición | Total de préstamos | Signatura topográfica completa | Fecha visto por última vez | Número de copia | Precio válido a partir de | Tipo de ítem Koha |
|---|---|---|---|---|---|---|---|---|---|---|---|---|---|---|---|
| Dewey Decimal Classification | Préstamo en Sala | Colección General BFC | BIBLIOTECA PÚBLICA CENTRAL ESTATAL “FRANCISCO CERVANTES” | BIBLIOTECA PÚBLICA CENTRAL ESTATAL “FRANCISCO CERVANTES” | 07/01/2026 | DONACION | CQ / 390.7245 / L88 | 07/01/2026 | EJ. 1 | 07/01/2026 | Colección Querétaro |